5HLuxD.jpg

KING HENRY VIII SENIOR AND PRIMARY SCHOOL LIBRARY OPAC

Tales from a not-so-best friend forever / (Record no. 3188)

000 -LEADER
fixed length control field 01779cam a2200409 a 4500
001 - CONTROL NUMBER
control field 1642735
003 - CONTROL NUMBER IDENTIFIER
control field OSt
005 - DATE AND TIME OF LATEST TRANSACTION
control field 20231101092613.0
008 - FIXED-LENGTH DATA ELEMENTS--GENERAL INFORMATION
fixed length control field 191231s2019 nyua j 000 1 eng d
010 ## - LIBRARY OF CONGRESS CONTROL NUMBER
LC control number 2019275263
020 ## - INTERNATIONAL STANDARD BOOK NUMBER
International Standard Book Number 9781534427204
Qualifying information (hbk.) :
040 ## - CATALOGING SOURCE
Original cataloging agency W6A
Language of cataloging eng
Transcribing agency W6A
Modifying agency OCLCO
-- UAP
-- ILC
-- TCH
-- MBT
-- NYP
-- IGA
-- KD5
-- OCLCF
-- KH8
042 ## - AUTHENTICATION CODE
Authentication code nbic
082 0# - DEWEY DECIMAL CLASSIFICATION NUMBER
Classification number FIC RUS
100 1# - MAIN ENTRY--PERSONAL NAME
Personal name Russell, Rachel Renée.
Relator term author
245 10 - TITLE STATEMENT
Title Tales from a not-so-best friend forever /
Statement of responsibility, etc. Rachel Renée Russell with Nikki Russell.
250 ## - EDITION STATEMENT
Edition statement 1st Aladdin hbk. ed.
260 ## - PUBLICATION, DISTRIBUTION, ETC.
Place of publication, distribution, etc. New York :
Name of publisher, distributor, etc. Aladdin,
Date of publication, distribution, etc. 2019.
300 ## - PHYSICAL DESCRIPTION
Extent 295 p. :
Other physical details ill. ;
Dimensions 21 cm.
490 1# - SERIES STATEMENT
Series statement Dork diaries ;
Volume/sequential designation 14.
500 ## - GENERAL NOTE
General note Keep reading for a peek at Max Crumbly's journal! sereis "Locker hero"
520 ## - SUMMARY, ETC.
Summary, etc. "Nikki and her bandmates are looking forward to an AWESOME summer on tour as the opening act for the world famous Bad Boyz! Nikki is a little worried when her frenemy, MacKenzie Hollister, weasels her way into a social media intern position with the tour. But she has a total MELTDOWN when she learns that MacKenzie is her new roommate! Will Nikki survive her dream tour as it quickly goes from AWESOME to AWFUL?!" --
Assigning source Amazon.com.
650 #0 - SUBJECT ADDED ENTRY--TOPICAL TERM
Topical term or geographic name entry element Popularity
Form subdivision Juvenile fiction.
650 #0 - SUBJECT ADDED ENTRY--TOPICAL TERM
Topical term or geographic name entry element Self-acceptance
Form subdivision Juvenile fiction.
650 #0 - SUBJECT ADDED ENTRY--TOPICAL TERM
Topical term or geographic name entry element Individuality
Form subdivision Juvenile fiction.
650 #0 - SUBJECT ADDED ENTRY--TOPICAL TERM
Topical term or geographic name entry element Bands (Music)
Form subdivision Juvenile fiction.
650 #0 - SUBJECT ADDED ENTRY--TOPICAL TERM
Topical term or geographic name entry element Concert tours
Form subdivision Juvenile fiction.
650 #0 - SUBJECT ADDED ENTRY--TOPICAL TERM
Topical term or geographic name entry element Roommates
Form subdivision Juvenile fiction.
650 #1 - SUBJECT ADDED ENTRY--TOPICAL TERM
Topical term or geographic name entry element Bands (Music)
Form subdivision Fiction.
650 #1 - SUBJECT ADDED ENTRY--TOPICAL TERM
Topical term or geographic name entry element Teenagers
Form subdivision Fiction.
650 #1 - SUBJECT ADDED ENTRY--TOPICAL TERM
Topical term or geographic name entry element Popularity
Form subdivision Fiction.
650 #1 - SUBJECT ADDED ENTRY--TOPICAL TERM
Topical term or geographic name entry element Friendship
Form subdivision Fiction.
650 #1 - SUBJECT ADDED ENTRY--TOPICAL TERM
Topical term or geographic name entry element Diaries
Form subdivision Fiction.
700 1# - ADDED ENTRY--PERSONAL NAME
Personal name Russell, Nikki.
Relator term ill
830 #0 - SERIES ADDED ENTRY--UNIFORM TITLE
Uniform title Dork diaries ;
Volume/sequential designation 14.
942 ## - ADDED ENTRY ELEMENTS (KOHA)
Source of classification or shelving scheme
Koha item type Books - Fiction
Holdings
Withdrawn status Lost status Source of classification or shelving scheme Damaged status Not for loan Collection code Permanent Location Current Location Shelving location Date acquired Total Checkouts Full call number Barcode Date last seen Date last checked out Price effective from Koha item type
          Fiction KH8 Primary School Library KH8 Primary School Library Fiction 2023-11-01 24 FIC RUS KHPL000004331 2025-12-05 2025-11-17 2023-11-01 Books - Fiction

Powered By KH8 IT Dept